000 01880cam a2200493 a 4500
001 21972
003 VRT
005 20260317073745.0
008 240314s2010 xo g 000 f slo
015 _aSNBA2011/05-02866
020 _a9788055124490
_q(viaz.)
035 _aB172A426-75C6-4B76-8755-CC4768311B21
035 _aurn:nbn:sk:snk-amjh8u
035 _aurn:nbn:sk:snk-am001sh4
039 9 _a202403141557
_bVLOAD
_c202208151216
_dAUTHORITY
_c202208151200
_dAUTHORITY
_c201808091555
_dVLOAD
040 _aSVKBB
_bslo
_cSVKBB
_dSNK
_eAACR2
041 1 _aslo
_heng
044 _axo
_cSK
072 7 _a821.111(73)-3
_xAmerická próza
_2konspekt
072 7 _a821-93
_xLiteratúra pre deti a mládež (beletria)
_2konspekt
080 _a821.111(73)-31
_22001
080 _a821-93
_22001
100 1 _aLowell, Sophia
_4aut
240 0 0 _aGlee - Start
_lSlovensky
245 1 0 _aGlee
_bzačíname
_cSophia Lowellová ; podľa seriálu tvorcov Ryana Murphyho & Brada Falchuka & Iana Brennana ; [z anglického originálu preložila Zuzana Gašparovičová]
260 _aBratislava
_bIkar
_c2011
300 _a173 s.
_c21 cm
655 7 _aamerické romány
_2SNKPH
655 7 _apublikácie pre mládež
_2SNKPH
655 7 _aAmerican novels
_2SNKPHeng
655 7 _aJuvenille literature
_2SNKPHeng
700 1 _aGašparovičová, Zuzana
_4trl
700 1 _aMurphy, Ryan
_4oth
700 1 _aFalchuk, Brad
_4oth
700 1 _aBrenn, Ian
_4oth
942 _2ddc
_cKLDE
_n0
949 _6270001000381894
_asvkbbA 130753
_bsvkbbm 716792
949 _617A0691101
_asnkSC 144538
_bsnk2011/6030
_o801/11
949 _617A0691100
_asnkSC 144538 D1
_bsnk2011/6031
_o801/11
_s6100:20140925
949 _62889170489
_asavukPV 14631
_bsavuk2011/2546
949 _6273K0531308
_asvkpoA 210911
_bsvkpo537584
980 _a821.111(73)-31
999 _c21972
_d21972